Applied electricity for engineers (Record no. 545399)
[ view plain ]
| 000 -LEADER | |
|---|---|
| fixed length control field | 00630cam a2200181 4500 |
| 082 00 - DEWEY DECIMAL CLASSIFICATION NUMBER | |
| Classification number | 621.3 |
| Author Mark | BES |
| 100 1# - MAIN ENTRY--PERSONAL NAME | |
| Personal name | Bessonov, Lev Alekseevich. |
| 9 (RLIN) | 41234 |
| 245 10 - TITLE STATEMENT | |
| Title | Applied electricity for engineers |
| Statement of responsibility, etc. | [by] L. Bessonov. Translated from the Russian by Boris Kuznetsov. |
| 260 ## - PUBLICATION, DISTRIBUTION, ETC. | |
| Place of publication, distribution, etc. | Moscow, |
| Name of publisher, distributor, etc. | Mir, |
| Date of publication, distribution, etc. | 1968. |
| 300 ## - PHYSICAL DESCRIPTION | |
| Extent | 805 p. |
| Other physical details | illus. |
| Dimensions | 23 cm. |
| 500 ## - GENERAL NOTE | |
| General note | "Revised from the 1967 Russian ed." |
| 500 ## - GENERAL NOTE | |
| General note | Translation of: Teoreticheskie osnovy Ä—lektrotekhniki. |
| 526 ## - STUDY PROGRAM INFORMATION NOTE | |
| Program name | 0 |
| Interest level | 0 |
| Reading level | 0 |
| Title point value | 621_300000000000000_BES |
| 650 #0 - SUBJECT ADDED ENTRY--TOPICAL TERM | |
| Topical term or geographic name entry element | Electric circuits. |
| 9 (RLIN) | 10997 |
| 650 #0 - SUBJECT ADDED ENTRY--TOPICAL TERM | |
| Topical term or geographic name entry element | Electric waves. |
| 9 (RLIN) | 40059 |
| 650 #0 - SUBJECT ADDED ENTRY--TOPICAL TERM | |
| Topical term or geographic name entry element | MCE |
| 9 (RLIN) | 379 |
| 942 ## - ADDED ENTRY ELEMENTS (KOHA) | |
| Source of classification or shelving scheme | |
| Koha item type | Book |
| Withdrawn status | Lost status | Source of classification or shelving scheme | Damaged status | Not for loan | Permanent Location | Current Location | Date acquired | Total Checkouts | Full call number | Barcode | Date last seen | Price effective from | Koha item type |
|---|---|---|---|---|---|---|---|---|---|---|---|---|---|
| Military College of Engineering (MCE) | Military College of Engineering (MCE) | 05/21/2014 | 621.3 BES | MCE-3133 | 05/21/2014 | 05/21/2014 | Book |
